00205nam a2200097Ia 4500008004100000041000800041100001700049245001100066260000900077999002100086240521s1999 xx 000 0 und d aeng aPANDEY B. N. aNEHRU. c1999 c1159174d1159174